=LDR 00000nam 2200000 4500 =001 INLIS000000000031570 =005 20130612133633 =008 ***********************************ind** =035 ##$$0010-061300000031570 =041 ##$$a ind =082 ##$$a 813 =090 ##$$a 813, Yud,l1 =100 ##$$a Yudisia,Cinta =245 ##$$a Lapas Cinta , Serpih-Serpih Cinta Makkah-Gronigen, Sinta Yudistira =260 ##$$a 2007 $b Bandung =300 ##$$a 269, 20 cm =650 ##$$a Fiksi =850 ##$$a NBPNMAT